000 01118nam a22002897a 4500
008 130821s2006 xxua gr eng
020 _a71447679
020 _a9780071447676
040 _aCo-BoUCM
_bspa
041 0 0 _aeng
060 _aWF 145
245 0 0 _aPrinciples and practice of mechanical ventilation
_ceditor, Martin J. Tobin
246 1 0 _aMechanical ventilation
246 1 4 _aPrinciples & practice of mechanical ventilation
250 _a2nd ed.
260 _aNueva York (Estados Unidos)
_bMcGraw-Hill Medical Publishing Division
_c2006
300 _axx, 1442 páginas
_bilustraciones
504 _aIncluye referencias bibliográficas e índice.
650 0 4 _aNeumología
_920263
650 0 4 _aRespiración artificial
_9100
650 0 4 _aRespiradores
_923662
650 0 4 _aTerapia respiratoria
_xAparatos e instrumentos
_925394
700 1 _aTobin, Martin J.
856 4 2 _3Biografias
_uhttp://www.loc.gov/catdir/enhancements/fy0669/2005054371-b.html
856 4 2 _3Publicador
_uhttp://www.loc.gov/catdir/enhancements/fy0669/2005054371-d.html
942 _cLIBRO
_a15
_e2
_mP957
_2NLM
_hWF 145
_n0
999 _c88122
_d88122